[Dieter Heckmann (Bearb.): Amtsträger des Deutschen Ordens in Preußen und in den hochmeisterlichen Kammerballeien des Reiches bis 1525]
| Titel: | [Dieter Heckmann (Bearb.): Amtsträger des Deutschen Ordens in Preußen und in den hochmeisterlichen Kammerballeien des Reiches bis 1525] / Anette Löffler |
|---|---|
| Verfasser: | |
| In: |
Preußenland, Band 14 (2023), Seite 311-313 alle Artikel anzeigen |
| Veröffentlicht: | 2023 |
| Format: | Aufsatz |
| Sprache: | Deutsch |
X
alg: 52129178 001A $03025:09-09-24 001B $01999:09-09-24 $t22:36:55.000 001D $03025:09-09-24 001U $0utf8 001X $00 002@ $0Aou 002C $aText $btxt $2rdacontent 002D $aohne Hilfsmittel zu benutzen $bn $2rdamedia 002E $aBand $bnc $2rdacarrier 003@ $052129178X 007A $052129178X $aHEB 010@ $ager 010E $erda 011@ $a2023 013D $#Newspapers Sections, columns, etc. Reviews $#Book reviewing $#Journaux Cahiers, chroniques, etc. Comptes rendus $#Livres Recension $#Rezension $#Buchbesprechung $#Buchrezension $#Buchkritik $74049712-4 $8Rezension [Ts1] $9085138568 021A $a[Dieter Heckmann (Bearb.): Amtsträger des Deutschen Ordens in Preußen und in den hochmeisterlichen Kammerballeien des Reiches bis 1525] $hAnette Löffler 028A $BVerfasser $4aut $71042020590 $8Löffler, Anette$Z1963- [Tp3] $9331486318 031A $d14 $h311-313 $j2023 039B $aEnthalten in $8--Abvc--. Preußenland. - Osnabrück : Fibre-Verl., 1963-. - ISSN 0032-7972 $x202300000140000689 $9047115017 039T $aRezension von $8--Aau--. Amtsträger des Deutschen Ordens in Preußen und in den hochmeisterlichen Kammerballeien des Reiches bis 1525. - Toruń : TNT, 2020. - 615 Seiten. - Karten auf den Vorsatzblättern. - ISBN 978-83-65127-60-0 $9475842111 045F $a200.940902 $eDDC23BSB 045F/01 $a200.9 045F/03 $f0902 045F/03 $g4 045G $a351.09 $eDDC23BSB 045G/01 $a351.09 045G/03 $f0902 045G/03 $g4 045T $a8,1 lok: 52129178 78 exp: 52129178 78 1 #EPN 201B/01 $009-09-24 $t14:58:56.000 201C/01 $009-09-24 201U/01 $0utf8 203@/01 $01272144178 208@/01 $a09-09-24 $be 209A/01 $a/ $f000 $x00 209A/01 $ab*p $x01 220C/01 $akoe 247C/01 $82080>Marburg/Lahn, Herder-Institut, Forschungsbibliothek, Bibliographieportal $9336309341
| LEADER | 00000caa a2200000 c 4500 | ||
|---|---|---|---|
| 001 | 52129178X | ||
| 003 | DE-603 | ||
| 005 | 20240909223655.0 | ||
| 007 | tu | ||
| 008 | 240909s2023 xx |||| | u00||u|ger c | ||
| 035 | |a (DE-599)HEB52129178X | ||
| 040 | |a DE-603 |b ger |c DE-603 |d DE-603 |e rda | ||
| 041 | |a ger | ||
| 082 | 0 | 4 | |8 1\u |a 200.940902 |q DE-101 |2 23/BSB |
| 083 | 0 | |8 2\u |a 351.09 |q DE-101 |2 23/BSB | |
| 084 | |a 8,1 |2 ssgn | ||
| 085 | |8 1\u |b 200.9 | ||
| 085 | |8 1\u |z 1 |s 0902 | ||
| 085 | |8 1\u |z 2 |s 4 | ||
| 085 | |8 2\u |b 351.09 | ||
| 085 | |8 2\u |z 1 |s 0902 | ||
| 085 | |8 2\u |z 2 |s 4 | ||
| 100 | 1 | |a Löffler, Anette |d 1963- |e Verfasser |4 aut |0 (DE-603)331486318 |0 (DE-588)1042020590 |2 gnd | |
| 245 | 0 | 0 | |a [Dieter Heckmann (Bearb.): Amtsträger des Deutschen Ordens in Preußen und in den hochmeisterlichen Kammerballeien des Reiches bis 1525] |c Anette Löffler |
| 264 | 0 | |c 2023 | |
| 336 | |a Text |b txt |2 rdacontent | ||
| 337 | |a ohne Hilfsmittel zu benutzen |b n |2 rdamedia | ||
| 338 | |a Band |b nc |2 rdacarrier | ||
| 655 | 7 | |a Rezension |2 gnd-content |0 (DE-588)4049712-4 |0 (DE-603)085138568 | |
| 773 | 0 | 8 | |i Enthalten in |t Preußenland |d Osnabrück : Fibre-Verl., 1963- |h 24 cm |x 0032-7972 |g Band 14 (2023), Seite 311-313 |w (DE-603)047115017 |w (DE-600)123737-8 |
| 787 | 0 | 8 | |i Rezension von |t Amtsträger des Deutschen Ordens in Preußen und in den hochmeisterlichen Kammerballeien des Reiches bis 1525 |d Toruń : TNT, 2020 |h 615 Seiten, Karten auf den Vorsatzblättern |z 9788365127600 |z 8365127601 |w (DE-603)475842111 |
| 924 | 0 | |9 2080 |a (DE-603)1272144178 |b DE-2080 |c HES |d d |g / | |


